000 00524pab a2200181 454500
008 180718b2013 xxu||||| |||| 00| 0 eng d
100 _aSingh, Kuldeep
245 _aViolation of human rights: Some observations in Haryana (Discussion note)
260 _c2013
300 _ap.115-130.
362 _aJan
650 _aViolence - India - Haryana
650 _aHuman rights violation - India - Haryana
650 _aHuman rights violation
773 _aIndian Journal of Social Work
908 _aN
909 _a102606
999 _c102604
_d102604